000 00764nam a2200265 a 4500
001 25573
003 CO-ViMGA
008 141112s2004 ck r 000 u spa d
020 _a9789588618357
040 _aCO-ViMGA
_bspa
_cCO-ViMGA
041 _aSPA
082 0 4 _a371.54 O72d
100 1 _aOrdóñez, Martha
_939110
245 1 0 _aDime cómo te castigaron y te diré quién eres /
_cMartha Ordóñez
250 _a1a ed., 1a reimp.
260 _aBogotá :
_bGrijalbo,
_c2013
300 _a188 p.
500 _aIncluye glosario.
650 1 4 _aCASTIGOS CORPORALES
_939111
650 1 4 _aCRIANZA DE NIÑOS
_919664
650 1 4 _aDISCIPLINA INFANTIL
_927528
650 1 4 _aPSICOLOGIA INFANTIL
_91631
650 1 4 _aVIOLENCIA INFANTIL
_939112
942 _2ddc
_cBK
999 _c5147
_d5147